A STUDY OF THE SEMANTIC FEATURES OF EXPLICIT JUDGEMENTS IN POLITICAL SPEECHES IN AMERICAN ENGLISH /

Introduction; Literature review and theoretical background; Research methodology; ...

Saved in:
Bibliographic Details
Main Author: Nguyễn Thanh Tâm
Other Authors: Ngu Thien Hung Ph,D huong dan
Format: Thesis
Language:English
Published: 2014.
Subjects:
Tags: Add Tag
No Tags, Be the first to tag this record!
Institutions: Mạng thư viện Đại học Đà Nẵng
LEADER 01401na a2200361 4500
001 000032514
003 8610
005 20230106155258.0
008 151002s2014 000 eng
040 |a LNN 
041 |a eng 
082 |a 420.8  |b NG-T 
100 |a Nguyễn Thanh Tâm 
245 2 |a A STUDY OF THE SEMANTIC FEATURES OF EXPLICIT JUDGEMENTS IN POLITICAL SPEECHES IN AMERICAN ENGLISH /  |c Nguyễn Thanh Tâm. 
260 |c 2014. 
300 |a 81tr:30cm. 
502 |a Master thesis of arts in social sciences and humanities. 
520 |a Introduction; Literature review and theoretical background; Research methodology; ... 
650 |a A STUDY OF THE SEMANTIC FEATURES OF EXPLICIT JUDGEMENTS IN POLITICAL SPEECHES IN AMERICAN ENGLISH 
700 |a Ngu Thien Hung  |b Ph,D  |c huong dan 
852 |c Luận văn Thạc sĩ 
OWN |a LNN 
AVA |a UDN50  |b LNN  |c English  |d 420.8 NG-T  |e available  |t Error 5001 Not defined in file expand_doc_bib_avail.  |f 1  |g 0  |h N  |i 0  |j AN  |k 1 
999 |a From the UDN01 
AVA |a UDN50  |b LNN  |c English  |d 420.8 NG-T  |e available  |t Error 5001 Not defined in file expand_doc_bib_avail.  |f 1  |g 0  |h N  |i 0  |j AN  |k 1 
TYP |a Dissertation 
TYP |a Printed language 
980 |a Mạng thư viện Đại học Đà Nẵng